000 00659cam a22002172a 4500
001 020442
003 AR-FADEU
008 311216n2007####xxu####################dd
020 _a978-950-802-270-7
092 _a361
_bT758
245 _aTRABAJO social : prácticas universitarias y proyecto profesional crítico
260 _aBuenos Aires
260 _bEspacio
260 _c2007
300 _a210 p
440 _aCiencias sociales
500 _aJornadas: 1º Encuentro Argentino y Latinoamericano en Córdoba. -- Incluye bibliografía
700 _aMaría Inés, Peralta, coor.
650 _aTRABAJO SOCIAL; ENSEÑANZA SUPERIOR
942 _cBDGR
999 _c26166
_d26166